Statistics for San Francisco Parks Map

Click here to take the quiz!

General Stats

  • This quiz has been taken 15 times
  • The average score is 10 of 20

Answer Stats

% Correct
The {Presidio}
100%
{Golden} {Gate} Park
100%
{Alamo} Square
67%
{Bernal} Heights Park
67%
{Lafayette} Park
50%
{Pioneer} Park
50%
The {Panhandle}
50%
Mount {Davidson} Park
50%
Mission {Dolores} Park
50%
{Washington} Square
50%
{Grand}view Park
50%
{Buena} Vista Park
50%
{Aquatic} Park
33%
{Heron}'s Head Park
33%
{Lands} End
33%
{Glen} Canyon Park
33%
{Corona} Heights Park
33%
{Pine} Lake Park / {Stern} Grove
33%
{Bay}view Park
33%
John {McLaren} Park
33%

Score Distribution

Percentile by Number Answered

Percent of People with Each Score

Your Score History

You have not taken this quiz